Libellus de sublimitate / (Record no. 186375)

MARC details
000 -LEADER
campo de control de longitud fija 01038nam a2200265 i 4500
001 - NÚMERO DE CONTROL
campo de control 186375
003 - IDENTIFICADOR DE NÚMERO DE CONTROL
campo de control ES-MaACL
005 - FECHA Y HORA DE LA ÚLTIMA TRANSACCIÓN
campo de control 20230906222646.0
008 - DATOS DE LONGITUD FIJA--INFORMACIÓN GENERAL
campo de control de longitud fija 161031s1981 xxk |||| | grc d
020 ## - NÚMERO INTERNACIONAL ESTÁNDAR DEL LIBRO
Número Internacional Estándar del Libro 0-19-814566-7
080 ## - NÚMERO DE LA CLASIFICACIÓN DECIMAL UNIVERSAL
Número de la Clasificación Decimal Universal 111.852
100 0# - ENTRADA PRINCIPAL--NOMBRE DE PERSONA
Nombre de persona Longino.
9 (RLIN) 73244
245 10 - MENCIÓN DEL TÍTULO
Título Libellus de sublimitate /
Mención de responsabilidad, etc. Dionysio Longino fere adscriptus ; recognovit brevique adnotatione critica instruxit D.A. Russell.
260 ## - PUBLICACIÓN, DISTRIBUCIÓN, ETC.
Lugar de publicación, distribución, etc. Oxonii :
Nombre del editor, distribuidor, etc. E Typographeo Clarendoniano ;
Lugar de publicación, distribución, etc. Oxford :
Nombre del editor, distribuidor, etc. Oxford University Press,
Fecha de publicación, distribución, etc. 1981.
300 ## - DESCRIPCIÓN FÍSICA
Extensión IX, 94 p. ;
Dimensiones 19 cm.
490 1# - MENCIÓN DE SERIE
Mención de serie Scriptorum classicorum bibliotheca Oxoniensis
490 1# - MENCIÓN DE SERIE
Mención de serie Oxford classical texts
594 ## - Nota al título y mención de responsabilidad
Nota al título y mención de responsabilidad Texto griego; introducción y notas en latín.
650 04 - PUNTO DE ACCESO ADICIONAL DE MATERIA--TÉRMINO DE MATERIA
Término de materia o nombre geográfico como elemento de entrada Retórica-
Subdivisión de forma Obras anteriores a 1800.
9 (RLIN) 16886
700 1# - ENTRADA AGREGADA--NOMBRE PERSONAL
Nombre de persona Russell, Donald A.
9 (RLIN) 161142
830 0# - PUNTO DE ACCESO ADICIONAL DE SERIE-TÍTULO UNIFORME
Título uniforme Scriptorum classicorum bibliotheca Oxoniensis
9 (RLIN) 185200
830 0# - PUNTO DE ACCESO ADICIONAL DE SERIE-TÍTULO UNIFORME
Título uniforme Oxford classical texts
9 (RLIN) 192539
852 ## - LOCALIZACIÓN
Ubicación ES-MaACL
Número de control de estantería L-30744
Nota libre - enc. cart.
-- . - Donat. Miguel A. Velasco
Holdings
Estatus retirado Estado de pérdida Estado de daño No para préstamo Biblioteca de origen Biblioteca actual Ubicación en estantería Fecha de adquisición Fuente de adquisición Total de préstamos Signatura topográfica completa Código de barras Visto por última vez Precio de reemplazo Tipo de ítem Koha
        Biblioteca del Ateneo de Madrid Biblioteca del Ateneo de Madrid Depósito 2 31/10/2016     L-30744 1196531 23/02/2023 23/02/2023 Libro impreso